000 01491cam a2200337 a 4500
001 12007859
005 20170105102858.0
008 000515s2000 cau b 001 0 eng
010 _a 00041052
020 _a0804738319 (alk. paper)
020 _a0804738327 (pbk. : alk. paper)
040 _aDLC
_cDLC
_dDLC
050 0 0 _aBD352
_b.S55 2000
082 0 0 _a190
_221
100 1 _aSilverman, Kaja.
245 1 0 _aWorld spectators /
_cKaja Silverman.
260 _aStanford, Calif. :
_bStanford University Press,
_cc2000.
300 _ax, 177 p. ;
_c24 cm.
440 0 _aCultural memory in the present
504 _aIncludes bibliographical references (p. [147]-174) and index.
650 0 _aPhenomenalism.
650 0 _aAppearance (Philosophy)
650 0 _aPsychoanalysis and philosophy.
650 0 _aVision.
856 4 2 _3Publisher description
_uhttp://www.loc.gov/catdir/description/cam021/00041052.html
856 4 1 _3Table of contents
_uhttp://www.loc.gov/catdir/toc/cam028/00041052.html
856 4 2 _3Contributor biographical information
_uhttp://www.loc.gov/catdir/enhancements/fy0710/00041052-b.html
906 _a7
_bcbc
_corignew
_d1
_eocip
_f20
_gy-gencatlg
942 _2ddc
_cBK
999 _c14562
_d14562